Volatility of Oil Prices

Salvato in:
Dettagli Bibliografici
Autore principale: Wickham, Peter
Natura: Libro
Lingua:inglese
Pubblicazione: Washington International Monetary Fund 1996
Edizione:1. ed.
Serie:IMF Working Paper 82
Soggetti:
Tags: Aggiungi Tag
Nessun Tag, puoi essere il primo ad aggiungerne!!

MARC

LEADER 00000nam a2200000 4500
001 c017474
005 20221205125735.1
041 0 |a eng 
044 |a US 
245 1 0 |a Volatility of Oil Prices  |c Peter Wickham 
250 |a 1. ed. 
264 1 |a Washington  |b International Monetary Fund  |c 1996 
300 |a 11 s. 
490 1 |a IMF Working Paper  |v 82 
830 0 |a IMF Working Paper  |v 82 
610 2 0 |a ropa 
610 2 0 |a ceny trhové 
610 2 0 |a modelovanie 
610 2 0 |a modely cenové 
610 2 0 |a rozdiely cenové 
610 2 0 |a situácia hospodárska 
610 2 0 |a spotreba surovín 
610 2 0 |a správanie hospodárske 
610 2 0 |a správanie spotrebiteľa 
610 2 0 |a priemysel ťažobný 
610 2 0 |a priemysel palivovo-energetický 
100 1 |a Wickham, Peter